000 01982nam a2200349 4500
001 114421
003 DR-UNIBE
005 20260309110933.0
008 260309b2006 mx ||||| |||| 00| 0 spa d
020 _a970770778X
020 _a978970770778X
040 _aBIBLIOTECA UNIBE
_bspa
_cBIBLIOTECA UNIBE
041 _aspa
082 _222
_a894.3533 P186L 2006
100 1 _aPamuk, Orhan,
_d1952-
_eautor
_9203032
240 1 0 _a Kara kitap.
_sEnglish
245 1 3 _aEl libro negro /
_cOrhan Pamuk
250 _aPrimera edición
260 _aMéxico, D.F. :
_bSantillana Ediciones Generales, S.A. de C.V. :
_bAlfaguara,
_c2006
300 _a580 páginas ;
_c23 cm
500 _aTítulo original: Kara Kitap
520 3 _aParodiando una intriga policíaca, el autor nos embarca en un juego de espejismos en el que los personajes se desdoblan para volver a unirse y con el que las fábulas lindan sin frontera perceptible con la realidad de los sujetos y objetos concretos, y donde el sinsentido tiene una razón oculta. Simplificando, la trama de esta obra podría definirse como la historia de dos hombres que se parecían tanto que al final acabaron cambiándose el uno por el otro. En el corazón de la obra está la cuestión crucial y metafísica de la identidad iluminada por la introducción de referencias históricas al misticismo sufí del popular poeta Mavlana. Los guiños y apelaciones al lector son innumerables, y por todo el recorrido despunta la ironía y la intriga.
650 7 _2lemb
_aLiteratura turca
_ySiglo XX
_9203066
650 7 _2lemb
_aNovela turca
_ySiglo XX
_9203067
650 7 _2lemb
_aNovela policíaca turca
_9203068
650 7 _2lemb
_aNovela de ciencia ficción turca
_9203069
651 7 _2lemb
_aEstambul (Turquía)
_xNovela de ciencia ficción
_9203062
655 _aHistorias legales
_9203063
655 _aHistorias de detectives y misterio
_9203064
700 1 _aCarpintero Ortega, Rafael,
_d1962-
_etraductor
_9203065
942 _2ddc
_cBK
999 _c114421
_d114421